LEADER 00965nam a2200229 i 4500 001 000000052568 003 CaOOAMICUS 005 20120827000000.0 008 120827s1949 xx u000 u lat u 013 $a23740 040 $aSeMil$bita 100 1 $aFanfani, Ludovico,$c.$0(OLS)http://semarc/name/1470 245 10$aDe Iure religiosorum ad normam codicis iuris canonici /$cP. Ludovicus I. Fanfani. 250 $aEditio tertia revisa atque notabiliter aucta. 260 $aRovigo :$bIstituto padano di arti grafiche,$c1949. 300 $aXXXI, 810 p. ;$c21 cm. 500 $aContiene : Appendix. 650 4$aReligiosi.$0(OLS)http://semarc/subject/10659 850 $aSeMil 852 $aSeMil$W1$xVenegono$y1$m2H II 47$j18722$B18722$CSeMilBibl$Z2$F18724 $81 996 $6245$aDe Iure religiosorum ad normam codicis iuris canonici$9(OLS)http://semarc/title/80698 996 $6260$aRovigo :$bIstituto padano di arti grafiche$9(OLS)http://semarc/publisher/30752 LEADER 00582naa a2200145 i 4500 001 000000308223 003 CaOOAMICUS 005 20180831172931.0 008 180831n it u000 u ita u 013 $a17186 040 $aSeMil$bita 100 1 $aCapraro, Giuseppe.$0(OLS)http://semarc/name/23927 245 10$aAspetti del giorno del signore. 773 0 $aOsservatorio Socio-Religioso Triveneto$tGiorno del Signore nel Triveneto.$dPadova : Messaggero, 1990.$kCaro Salutis Cardo. Studi$z88-7026-948-6$gp.83-96$w()66167 996 $6245$aAspetti del giorno del signore$9(OLS)http://semarc/title/383498